Music Quiz

Random Music Quiz

Verdi Operas never performed at the Met Quiz Stats

 Plays Quiz not verified by Sporcle

Challenge
Share
Tweet
Embed
Score 0/10 Timer 04:00
0 Plays Today
Year Opera % Correct
1847Jerusalem
91.9%
1839Oberto, conte di San Bonafacio
85.5%
1857Aroldo
83.9%
1840Un giorno di regno
80.6%
1845Alzira
79%
1845Giovanna d'Arco
75.8%
1847I masnadieri
74.2%
1844I due Foscari
72.6%
1848Il corsaro
72.6%
1849La battaglia di Legnano
71%

You're not logged in!

Compare scores with friends on all Sporcle quizzes.
Join for Free
OR
Log In

You Might Also Like...

Show Comments

Extras

Top Quizzes Today


Score Distribution

Your Account Isn't Verified!

In order to create a playlist on Sporcle, you need to verify the email address you used during registration. Go to your Sporcle Settings to finish the process.

Report this User

Report this user for behavior that violates our Community Guidelines.

Details: